00490nam a2200181Ia 450000500170000000800410001702000180005804100080007608200150008410000110009924500690011025000110017926000370019030000090022750000310023665000300026770000110029720251122105907.0230125s9999 xx 000 0 und d a9781939714237 aeng a158.1bRAT aRath T aLife's Great Question - Discover How You Contribute to The World a1s Ed. c2020bSilicon Guild BooksaIndia a149p aPersonality Development  aPersonality Development  aRath T